[Event "38th Olympiad"]
[Site "Dresden GER"]
[Date "2008.11.17"]
[Round "5"]
[White "Flanders,C"]
[Black "Barileng,G"]
[Result "1-0"]
[WhiteElo "2021"]
[BlackElo "2107"]
[EventDate "2008.11.13"]

1. d4 Nf6 2. c4 c5 3. Nf3 cxd4 4. Nxd4 e5 5. Nb5 d5 6. cxd5 Bc5 7. e3 O-O
8. N5c3 e4 9. a3 Qe7 10. Nd2 Rd8 11. b4 Bd6 12. Nc4 Be5 13. Nxe5 Qxe5 14.
Qb3 Nxd5 15. Bb2 Nxc3 16. Qxc3 Qxc3+ 17. Bxc3 Be6 18. Be2 Nd7 19. O-O Nb6
20. Rfd1 Bc4 21. Bg4 Rd3 22. Bd4 Bb3 23. Be2 Rxd1+ 24. Bxd1 Bxd1 25. Rxd1
Nc4 26. a4 a6 27. a5 Rc8 28. Bc5 f5 29. Rd7 Nxa5 30. g3 Nc6 31. Rxb7 Ne5
32. Ra7 Nf3+ 33. Kg2 Rd8 34. Rxa6 Rd1 35. Bd4 g5 36. Ra1 Rd3 37. b5 Nxd4
38. exd4 Rxd4 39. Rb1 Rd7 40. b6 Rb7 41. Rb5 h6 42. Kf1 Kg7 43. Ke2 Kf6 44.
Ke3 Ke6 45. Kd4 f4 46. gxf4 gxf4 47. Kxe4 Kd6 48. Kxf4 Kc6 49. Rb3 Rf7+ 50.
Kg4 Kb7 51. f4 Rg7+ 52. Kf5 Rg2 53. Rh3 Kxb6 54. Rxh6+ Kc7 55. Kf6 Kd7 56.
f5 Ra2 57. Kf7 Rf2 58. f6 Rg2 59. h4 Rg4 60. h5 Rg5 61. Kf8 Ra5 62. f7 Rg5
63. Rg6 Rf5 64. h6 Rh5 65. Kg7 Rf5 66. f8=Q 1-0

[Event "38th Olympiad"]
[Site "Dresden GER"]
[Date "2008.11.17"]
[Round "5"]
[White "Faulks,N"]
[Black "Belzo,K"]
[Result "1/2-1/2"]
[WhiteElo "2100"]
[BlackElo "1993"]
[EventDate "2008.11.13"]

1. e4 g6 2. d4 Bg7 3. Nf3 c5 4. c4 cxd4 5. Nxd4 Nc6 6. Nc2 d6 7. Be2 Nf6 8.
Nc3 O-O 9. O-O Nd7 10. Be3 a5 11. Qd2 Re8 12. Rad1 Nc5 13. f3 Be6 14. Qe1
Qb8 15. Qf2 b6 16. Nd5 Bxd5 17. cxd5 Nb4 18. Nxb4 axb4 19. Bb5 Rc8 20. b3
Ra5 21. Bc6 Qa7 22. Rd2 Bc3 23. Rc2 Qa6 24. Bd2 Rxa2 25. Bxc3 Rxc2 26. Qxc2
bxc3 27. Qxc3 Qe2 28. Re1 Qd3 29. Qxd3 Nxd3 30. Ra1 Kg7 31. g3 Ne5 32. Ra6
Nxc6 33. dxc6 Rxc6 34. b4 d5 35. exd5 Rd6 36. h4 Kf6 37. Kf2 Ke5 38. Ra7
Kxd5 39. Rxe7 Rf6 40. Rc7 Kd4 41. g4 h6 42. Ke2 Re6+ 43. Kf2 Rf6 44. Ke2 h5
45. gxh5 gxh5 46. Kf2 Kd5 47. Ke3 Kd6 48. Rc8 Rf5 49. Rc4 Kd5 50. Rf4 Re5+
51. Kd3 f5 52. Rd4+ Kc6 53. Kc4 Re3 54. Rf4 Re5 55. Kd4 Rd5+ 56. Kc4 Re5
57. Kd4 Kd6 58. Kc4 Ke6 59. Rd4 Re3 60. f4 Re4 61. b5 Re1 62. Rd8 Rf1 63.
Rb8 Rxf4+ 64. Kd3 Rxh4 65. Rxb6+ Kd5 66. Rb8 Rh3+ 67. Ke2 Ke4 68. b6 Rh2+
69. Kf1 Kf3 70. Kg1 Rb2 71. b7 f4 72. Rh8 Rxb7 73. Rxh5 Rb1+ 74. Kh2 Kf2
75. Ra5 Re1 76. Ra2+ Re2 77. Ra1 f3 78. Rb1 Re1 79. Rb2+ Re2 80. Rb1 Rd2
81. Ra1 Rc2 82. Rb1 Ra2 83. Rc1 Ra4 84. Rc2+ Ke3 85. Rc1 f2 86. Rb1 Rf4 87.
Kg2 Rg4+ 88. Kh2 Rg5 89. Rb3+ Ke4 90. Rb4+ Kd3 91. Rb3+ Ke2 92. Rb2+ Kf3
93. Rb3+ Kf4 94. Rb4+ Ke3 95. Rb3+ Ke4 96. Rb4+ Ke5 97. Rb5+ Kf6 98. Rb6+
Kf5 99. Rb5+ Kf6 100. Rb1 Ke5 101. Rf1 Rf5 102. Kg2 Ke4 103. Rxf2 Rxf2+
104. Kxf2 Ke5 1/2-1/2

[Event "38th Olympiad"]
[Site "Dresden GER"]
[Date "2008.11.17"]
[Round "5"]
[White "Juarez Flores,C"]
[Black "Gajadin,D"]
[Result "1-0"]
[WhiteElo "2358"]
[BlackElo "2191"]
[EventDate "2008.11.13"]

1. e4 e5 2. Nf3 Nc6 3. Nc3 Nf6 4. Bb5 Nd4 5. Ba4 Bc5 6. O-O O-O 7. d3 d6 8.
Nxd4 Bxd4 9. Ne2 Bb6 10. Bg5 h6 11. Bh4 g5 12. Bg3 h5 13. Qd2 Ng4 14. h3 h4
15. Bxh4 gxh4 16. hxg4 Bxg4 17. Kh2 Bxe2 18. Qxe2 Qg5 19. Bd7 Kg7 20. Qf3
Rh8 21. Rad1 Rh6 22. Qg4 Qxg4 23. Bxg4 Kf6 24. f4 exf4 25. Rxf4+ Kg5 26.
Rdf1 Be3 27. R4f3 Kxg4 28. Rxe3 Rf8 29. Ref3 Rh5 30. Rf4+ Kg5 31. Rxf7 Rc8
32. R7f5+ Kg4 33. Rf6 Ra8 34. R6f3 Rh6 35. Rf4+ 1-0

[Event "38th Olympiad"]
[Site "Dresden GER"]
[Date "2008.11.17"]
[Round "5"]
[White "Siban,M"]
[Black "Lorenzana,W"]
[Result "1/2-1/2"]
[WhiteElo "2067"]
[BlackElo "2202"]
[EventDate "2008.11.13"]

1. e4 c5 2. Nf3 e6 3. d4 cxd4 4. Nxd4 a6 5. Nc3 Qc7 6. Be2 Nf6 7. a3 b5 8.
O-O d6 9. Be3 Bb7 10. f3 Nbd7 11. Qe1 d5 12. exd5 Nxd5 13. Nxd5 Bxd5 14. c3
Be7 15. f4 O-O 16. Qg3 Nf6 17. Qh3 Rfe8 18. Nf3 Bc5 19. Ne5 Qb6 20. Bxc5
Qxc5+ 21. Kh1 Be4 22. Bd3 Rad8 23. Rfe1 Bxd3 24. Nxd3 Qc4 25. Rad1 Rd5 26.
Qf3 Qb3 27. Qe2 Qc4 28. Qf3 a5 29. Ne5 Qc8 30. Rxd5 exd5 31. h3 Ne4 32. Kh2
f6 33. Qd3 Rd8 34. Nf3 Qc4 35. Qd4 Qc7 36. g3 g5 37. Qe3 h6 38. Nd4 Qd7 39.
f5 Rb8 40. Qf3 Kh7 41. Qh5 Rg8 42. Qe2 Rb8 43. Qh5 Rg8 44. Qe2 Rb8 1/2-1/2

[Event "38th Olympiad"]
[Site "Dresden GER"]
[Date "2008.11.17"]
[Round "5"]
[White "Galvez Dastin,E"]
[Black "Veer,W"]
[Result "1/2-1/2"]
[WhiteElo "2178"]
[BlackElo "1959"]
[EventDate "2008.11.13"]

1. d4 e6 2. c4 f5 3. Nc3 Nf6 4. e3 d5 5. Bd3 Be7 6. Nge2 c6 7. f3 O-O 8.
Qc2 Bd7 9. Bd2 a6 10. c5 Be8 11. Qb3 Qc8 12. O-O Bf7 13. Qc2 Nbd7 14. b4 g6
15. e4 dxe4 16. fxe4 Re8 17. Bc4 b5 18. Bb3 Nf8 19. Rae1 Qd7 20. Bg5 Bd8
21. h3 Kg7 22. Qd2 Ng8 23. d5 cxd5 24. exd5 Bxg5 25. Qxg5 exd5 26. Nd4 Rxe1
27. Rxe1 Nf6 28. c6 Qa7 29. Qe3 Qc7 30. Qe7 Qb6 31. Qc5 Qxc5 32. bxc5 Ne4
33. Nxd5 Nxc5 34. Nb6 Ra7 35. Rc1 Nxb3 36. axb3 Rc7 37. Na8 Rc8 38. Nb6 Rc7
39. Na8 Rc8 40. c7 Nd7 1/2-1/2

[Event "38th Olympiad"]
[Site "Dresden GER"]
[Date "2008.11.17"]
[Round "5"]
[White "Rowe,P"]
[Black "Nakapunda,O"]
[Result "1/2-1/2"]
[WhiteElo "2053"]
[BlackElo "2083"]
[EventDate "2008.11.13"]

1. d4 d5 2. Nf3 Nf6 3. Bf4 Bf5 4. e3 e6 5. Nh4 Bg4 6. Nf3 Bd6 7. Bg3 O-O 8.
Be2 c5 9. c3 Nc6 10. Nbd2 Qe7 11. Bh4 Qc7 12. h3 Bh5 13. dxc5 Bxc5 14. Bg3
Bd6 15. Bxd6 Qxd6 16. O-O Rfd8 17. Qa4 a6 18. Rfd1 Qe7 19. Qh4 Bg6 20. c4
dxc4 21. Nxc4 e5 22. Nh2 e4 23. Ng4 Nxg4 24. Qxe7 Nxe7 25. hxg4 Nc6 26. f4
exf3 27. gxf3 Bc2 28. Rxd8+ Rxd8 29. Rc1 Bd3 30. Bxd3 Rxd3 31. Na5 Kf8 32.
Nxc6 bxc6 33. Rxc6 Rxe3 34. Kf2 Re6 35. Rxe6 fxe6 36. Ke3 Ke7 37. b4 Kd6
38. Ke4 h6 39. a4 g6 40. b5 axb5 41. axb5 h5 42. gxh5 gxh5 43. Kf4 Kc5 44.
Kg5 Kxb5 45. f4 Kc5 46. Kxh5 Kd5 47. Kg5 1/2-1/2

[Event "38th Olympiad"]
[Site "Dresden GER"]
[Date "2008.11.17"]
[Round "5"]
[White "Mueller,Le"]
[Black "Hamperl,F"]
[Result "1/2-1/2"]
[WhiteElo "2199"]
[BlackElo "2076"]
[EventDate "2008.11.13"]

1. d4 Nf6 2. c4 c5 3. d5 e6 4. Nc3 exd5 5. cxd5 d6 6. e4 g6 7. f4 Bg7 8.
Bb5+ Nfd7 9. a4 O-O 10. Nf3 Na6 11. O-O Nb4 12. Re1 a6 13. Bf1 Re8 14. h3
f5 15. Qb3 fxe4 16. Nxe4 Nf6 17. Nxf6+ Bxf6 18. Bd2 Rxe1 19. Rxe1 Bf5 20.
Bxb4 Qb6 21. g4 Bd7 22. a5 Qxb4 23. Qxb4 cxb4 24. Re4 Bxb2 25. Rxb4 Bc3 26.
Rxb7 Bc8 27. Re7 Bxa5 28. Ng5 Bb6+ 29. Kh2 h6 30. Re8+ Kg7 31. Ne6+ Kf7 32.
Rf8+ Ke7 33. Rh8 a5 34. g5 hxg5 35. fxg5 Bxe6 36. Rxa8 Bxd5 37. Ra6 Bd4 38.
Bd3 Bc3 39. Kg3 Be1+ 40. Kg4 Be6+ 41. Kf3 Bxh3 42. Bxg6 Bd2 43. Kg3 Bf1 44.
Ra7+ Ke6 45. Bf7+ Kf5 46. g6 Be1+ 47. Kf3 Bc3 48. Be8 Bc4 49. Rc7 Bd5+ 50.
Ke3 Be5 51. Bf7 Bh1 52. Ra7 Bf4+ 53. Ke2 Bh6 54. Rxa5+ d5 55. Ra7 Kf6 56.
Ra6+ Kg7 57. Kd3 Be4+ 58. Kd4 Bg5 59. Be8 Kf8 60. Bd7 Kg7 61. Be8 Kf8 62.
Bf7 Kg7 63. Ke5 Bh4 64. Be8 Kf8 65. Ra8 Kg7 66. Ra7+ Kf8 67. g7+ Kg8 68.
Bh5 Be1 69. Ke6 Bc3 70. Ra8+ Kxg7 1/2-1/2

[Event "38th Olympiad"]
[Site "Dresden GER"]
[Date "2008.11.17"]
[Round "5"]
[White "Ozanne,M2"]
[Black "Eichab,C"]
[Result "1-0"]
[WhiteElo "2042"]
[BlackElo "2066"]
[EventDate "2008.11.13"]

1. e4 c5 2. Nf3 d6 3. d4 cxd4 4. Nxd4 Nf6 5. Nc3 g6 6. Be3 Bg7 7. f3 O-O 8.
Qd2 Nc6 9. O-O-O d5 10. exd5 Nxd5 11. Nxc6 bxc6 12. Bd4 e5 13. Bc5 Be6 14.
Ne4 Rb8 15. g4 Re8 16. g5 Nf4 17. Qxd8 Rbxd8 18. Rxd8 Rxd8 19. Ba6 Bf8 20.
Nf6+ Kg7 21. Bxf8+ Kxf8 22. Rd1 Rxd1+ 23. Kxd1 Bd5 24. Be2 Nh3 25. Nd7+ Ke7
26. Nxe5 Kd6 27. Nc4+ Kc5 28. Ne3 Nxg5 29. Nxd5 Kxd5 30. Kd2 Kd4 31. c3+
Ke5 32. Ke3 Ne6 33. Bc4 Nd8 34. b4 g5 35. a4 f5 36. Bg8 h5 37. h3 h4 38. c4
g4 39. fxg4 fxg4 40. hxg4 h3 41. Bh7 Nf7 42. Be4 Nd6 43. Bxc6 Nxc4+ 44. Kf3
a5 45. bxa5 Nxa5 46. Bd7 Nc4 47. Kg3 h2 48. Kxh2 Kf4 49. Kh3 Kg5 50. Be6
1-0

[Event "38th Olympiad"]
[Site "Dresden GER"]
[Date "2008.11.17"]
[Round "5"]
[White "Mannhart,M"]
[Black "Krylov,Sergey"]
[Result "0-1"]
[WhiteElo "2154"]
[BlackElo "2388"]
[EventDate "2008.11.13"]

1. Nc3 c5 2. Nf3 Nc6 3. d3 g6 4. Bd2 Bg7 5. Qc1 d6 6. g3 a6 7. a4 Nd4 8.
Bg2 Rb8 9. O-O Bg4 10. Re1 Nf6 11. Ng5 O-O 12. f3 Bd7 13. e3 Nc6 14. Nge4
Nxe4 15. Nxe4 f5 16. Nf2 e5 17. c3 Be6 18. Qc2 Rc8 19. c4 d5 20. Rad1 Nb4
21. Bxb4 cxb4 22. b3 Qe7 23. Rc1 dxc4 24. dxc4 b5 25. axb5 axb5 26. Bf1 e4
27. f4 Bc3 28. Red1 Qc5 29. Rd5 Bxd5 30. cxd5 Qxe3 0-1

[Event "38th Olympiad"]
[Site "Dresden GER"]
[Date "2008.11.17"]
[Round "5"]
[White "Wassin,S"]
[Black "Frick,R"]
[Result "1/2-1/2"]
[WhiteElo "2325"]
[BlackElo "2145"]
[EventDate "2008.11.13"]

1. d4 Nf6 2. c4 d6 3. Nf3 g6 4. g3 Bg7 5. Bg2 O-O 6. O-O Nbd7 7. Nc3 e5 8.
e4 exd4 9. Nxd4 Re8 10. h3 a6 11. Be3 Rb8 12. b3 Nc5 13. Qc2 Qe7 14. Rfe1
Nfxe4 15. Nxe4 Nxe4 16. Bxe4 Qxe4 17. Bd2 Qxe1+ 18. Rxe1 Rxe1+ 19. Bxe1
Bxd4 20. Qe4 Be5 21. f4 Bf5 22. Qe3 Bf6 23. Bc3 Bxc3 24. Qxc3 Bxh3 25. Qe3
Rf8 26. Qe7 Rc8 27. Kf2 Be6 28. Ke3 Kg7 29. Kd3 a5 30. Kc3 h5 31. Kd4 Bg4
32. Kc3 Be6 33. Kb2 Kg8 34. Ka3 b6 35. Ka4 Bg4 36. Kb5 Bh3 37. Ka6 Ra8+ 38.
Kb5 Rc8 39. Ka4 1/2-1/2

[Event "38th Olympiad"]
[Site "Dresden GER"]
[Date "2008.11.17"]
[Round "5"]
[White "Guller,A"]
[Black "Pribeanu,D"]
[Result "1/2-1/2"]
[WhiteElo "2117"]
[BlackElo "2232"]
[EventDate "2008.11.13"]

1. e4 c6 2. d4 d5 3. Nd2 dxe4 4. Nxe4 Bf5 5. Ng3 Bg6 6. Nf3 Nd7 7. Bd3 e6
8. O-O Ngf6 9. Re1 Qc7 10. Bg5 Be7 11. Qe2 Bxd3 12. Qxd3 O-O 13. c3 h6 14.
Bd2 Rfe8 15. Qe2 c5 16. Rad1 Qb6 17. Be3 a5 18. dxc5 Bxc5 19. Bxc5 Nxc5 20.
Nd4 Red8 21. Nf1 Nd5 22. Qc2 Rd7 23. Ne3 Nxe3 24. Rxe3 Rad8 25. Rde1 Rd5
26. h3 Nd7 27. Qb3 Qa6 28. Rxe6 fxe6 29. Nxe6 Nc5 30. Nxc5 Qc6 31. Nxb7
R8d7 32. Nxa5 Qc5 33. Qb8+ Kh7 34. Nb3 Qa7 35. Qb4 Qxa2 36. Qe4+ g6 37. Nd4
Rf7 38. Qe6 Ra5 39. c4 Raa7 40. Qe2 1/2-1/2

[Event "38th Olympiad"]
[Site "Dresden GER"]
[Date "2008.11.17"]
[Round "5"]
[White "Schellmann,F"]
[Black "Studer,K"]
[Result "1-0"]
[WhiteElo "2144"]
[BlackElo "1908"]
[EventDate "2008.11.13"]

1. e4 e6 2. d4 d5 3. e5 c5 4. c3 Nc6 5. Nf3 Bd7 6. Be2 cxd4 7. cxd4 Bb4+ 8.
Nc3 a6 9. O-O f5 10. Bd3 b5 11. Ne2 Be7 12. Ng3 g6 13. Bd2 Nb4 14. Bb1 Rc8
15. a3 Nc6 16. b4 h5 17. Ne2 g5 18. Ne1 Nh6 19. Nd3 Nf7 20. Ba2 Nb8 21.
Nec1 Kf8 22. Qe2 Kg7 23. Bxd5 Qb6 24. Ba2 Qxd4 25. Nb3 Qa7 26. Nbc5 Rc6 27.
Be3 Bxc5 28. Nxc5 Qc7 29. Bd4 Bc8 30. Rad1 Kg6 31. Bb3 Re8 32. Rfe1 Kh6 33.
Rd3 Kg6 34. Red1 Re7 35. Bb2 Nd7 36. Nxe6 Rexe6 37. Bxe6 Rxe6 38. Rc1 Qb8
39. f4 Nb6 40. fxg5 Nc4 41. Rh3 Qb6+ 42. Kh1 Qc6 43. Qxh5+ Kg7 44. Bd4 Kf8
45. Rf3 Rg6 46. e6 Qxe6 47. Bf6 Rxf6 48. gxf6 Qxf6 49. Rg3 Nfe5 50. Rf1 Be6
51. Qd1 Bf7 52. Qd4 Be6 53. Qc5+ Qe7 54. Qxe7+ Kxe7 55. Rg7+ Nf7 56. Ra1
Kf6 57. Rg3 Ng5 58. Rd3 Ne4 59. Kg1 Ke5 60. Rd8 Bd5 61. h4 Ncd2 62. h5 Bf7
63. h6 Kf6 64. h7 Kg5 65. h8=Q Bg6 66. Qg8 1-0

[Event "38th Olympiad"]
[Site "Dresden GER"]
[Date "2008.11.17"]
[Round "5"]
[White "Baules,J"]
[Black "Magana,B"]
[Result "1-0"]
[WhiteElo "2317"]
[BlackElo "2141"]
[EventDate "2008.11.13"]

1. e4 e5 2. Nf3 Nc6 3. Bb5 a6 4. Ba4 Nf6 5. O-O Be7 6. Re1 b5 7. Bb3 O-O 8.
d4 d6 9. c3 Bg4 10. Be3 d5 11. exd5 Nxd5 12. dxe5 Nxe3 13. Rxe3 Bc5 14. Re1
Qe7 15. Nbd2 Rad8 16. Qb1 Na5 17. Bc2 Nc4 18. Qc1 Rd7 19. b4 Ba7 20. Nxc4
Bxf3 21. Ne3 Qg5 22. h4 Bxe3 23. hxg5 Bxc1 24. Raxc1 Bg4 25. Re4 Be6 26.
Rh4 g6 27. Bb3 Re8 28. Re4 Rd2 29. c4 Bxc4 30. Bxc4 bxc4 31. Rcxc4 Rxa2 32.
Rxc7 a5 33. b5 Rb2 34. Rb7 a4 35. Rxa4 Rxe5 36. b6 Rxg5 37. Rf4 Rf5 38.
Rxf5 gxf5 39. Kf1 Kg7 40. Rb8 f4 41. f3 Kf6 42. b7 Ke7 43. Ke1 Kd7 44. Rf8
Rxb7 45. Rxf7+ Kc6 46. Rxf4 Kd5 47. Re4 Rg7 48. Kf2 Rg6 49. Re7 h5 50. Kg1
Kd6 51. Re4 Kd5 52. Kh2 Rg5 53. Kh3 Rg7 54. Ra4 Ke6 55. Ra5 Rh7 56. Kh4 1-0

[Event "38th Olympiad"]
[Site "Dresden GER"]
[Date "2008.11.17"]
[Round "5"]
[White "Gateri,M"]
[Black "Arosemena,J"]
[Result "0-1"]
[WhiteElo "2189"]
[BlackElo "2201"]
[EventDate "2008.11.13"]

1. d4 Nf6 2. c4 e6 3. Nc3 Bb4 4. Bg5 h6 5. Bxf6 Qxf6 6. Nf3 c5 7. e3 Nc6 8.
Be2 O-O 9. O-O Bxc3 10. bxc3 d6 11. Nd2 e5 12. d5 Ne7 13. Bg4 Qg6 14. Bxc8
Raxc8 15. Qb1 Rc7 16. Qxg6 Nxg6 17. a4 f5 18. f4 Re7 19. g3 Rfe8 20. e4
exf4 21. exf5 Ne5 22. Rxf4 Nd3 23. Rf3 Re1+ 24. Rxe1 Rxe1+ 25. Nf1 Nb2 26.
Kf2 Ra1 27. Nd2 Rxa4 28. f6 Nxc4 29. Nxc4 Rxc4 30. Ke2 Re4+ 31. Kd3 Re5 32.
c4 g6 33. f7+ Kf8 34. Rf6 Rf5 35. Rxg6 Ke7 36. Rxd6 0-1

[Event "38th Olympiad"]
[Site "Dresden GER"]
[Date "2008.11.17"]
[Round "5"]
[White "Pan,L"]
[Black "Andolo,H"]
[Result "0-1"]
[WhiteElo "2213"]
[BlackElo "2139"]
[EventDate "2008.11.13"]

1. d4 d5 2. c4 c6 3. Nc3 Nf6 4. Qc2 e6 5. Nf3 Nbd7 6. e3 Bd6 7. g4 Bb4 8.
Bd2 Bxc3 9. Bxc3 Ne4 10. Bb4 Qf6 11. Bg2 b6 12. cxd5 exd5 13. Ne5 Nxe5 14.
dxe5 Qg6 15. Bxe4 dxe4 16. O-O-O c5 17. Qa4+ Ke7 18. Rd6 Be6 19. Ba3 Rhc8
20. Rhd1 Qxg4 21. Qa6 Qf5 22. Qb7+ Kf8 23. b3 h6 24. Bb2 Kg8 25. Qe7 c4 26.
Rxe6 cxb3+ 27. Kb1 bxa2+ 28. Kxa2 Qxe6+ 29. Qxe6 fxe6 30. Rd6 Kf7 31. Rd4
Rc2 32. Rd7+ Kg6 33. Re7 Rc6 34. h4 h5 35. Rd7 a5 36. Rd4 Rf8 0-1

[Event "38th Olympiad"]
[Site "Dresden GER"]
[Date "2008.11.17"]
[Round "5"]
[White "Seegolam,P"]
[Black "Hernandez,Ju HON"]
[Result "1/2-1/2"]
[WhiteElo "2066"]
[BlackElo "2015"]
[EventDate "2008.11.13"]

1. e4 e5 2. Nf3 Nc6 3. Bb5 a6 4. Ba4 Nf6 5. O-O b5 6. Bb3 Be7 7. Re1 d6 8.
c3 O-O 9. h3 Nb8 10. d4 Nbd7 11. Nbd2 c5 12. d5 Kh8 13. Nf1 Ne8 14. Ng3 g6
15. Bc2 Ng7 16. Bh6 Nf6 17. Qd2 Ng8 1/2-1/2

[Event "38th Olympiad"]
[Site "Dresden GER"]
[Date "2008.11.17"]
[Round "5"]
[White "Medina,Ri"]
[Black "Chinasamy,D"]
[Result "1/2-1/2"]
[WhiteElo "2052"]
[BlackElo "2086"]
[EventDate "2008.11.13"]

1. e4 c5 2. g3 g6 3. Bg2 Bg7 4. Ne2 Nc6 5. c3 Nf6 6. O-O d5 7. exd5 Nxd5 8.
d4 cxd4 9. Nxd4 Nxd4 10. cxd4 O-O 11. Re1 e6 12. Nc3 Qb6 13. Nxd5 exd5 14.
Bxd5 Bxd4 15. Be3 Bxe3 16. Rxe3 Qxb2 17. Rb1 Qf6 18. Bxb7 Rb8 19. Bxc8 Rxb1
20. Qxb1 Rxc8 21. Kg2 Qc6+ 22. Qe4 Qxe4+ 23. Rxe4 Rc7 24. Re8+ Kg7 25. Re4
Kg8 26. Re8+ Kg7 27. Re3 Rb7 28. Re4 h5 29. h4 Rd7 30. Re3 Rb7 1/2-1/2

[Event "38th Olympiad"]
[Site "Dresden GER"]
[Date "2008.11.17"]
[Round "5"]
[White "Li Ying,P"]
[Black "Huguet,S"]
[Result "0-1"]
[WhiteElo "2153"]
[BlackElo "2109"]
[EventDate "2008.11.13"]

1. d4 Nf6 2. Nf3 g6 3. Bf4 Bg7 4. h3 c5 5. c3 cxd4 6. Nxd4 d6 7. Bh2 O-O 8.
e3 Nbd7 9. Be2 Nc5 10. O-O Qb6 11. Nb3 Nfe4 12. Na3 Be6 13. Nc4 Qc7 14. Nd4
Bd7 15. Nd2 Ba4 16. Qc1 Rac8 17. Nxe4 Nxe4 18. Bf3 Nc5 19. Qd2 Rfd8 20.
Rfc1 e5 21. Nc2 Bc6 22. Bd5 Na4 23. Nb4 a5 24. Nxc6 bxc6 25. Bf3 d5 26.
Rab1 Qe7 27. c4 Qb4 28. Qxb4 axb4 29. cxd5 cxd5 30. Rxc8 Rxc8 31. Bxd5 Nxb2
32. e4 Rc2 33. Bg3 Kf8 34. Kf1 Nd3 35. Bb3 Rc3 36. f3 Bh6 37. Rd1 f6 38.
Bh2 Be3 39. Ke2 Nc1+ 40. Kf1 Nxb3 41. axb3 Rxb3 42. Ke2 Bd4 43. Bg1 Rb2+
44. Kd3 Bxg1 45. Rxg1 h5 46. h4 g5 47. hxg5 fxg5 48. Kc4 Ke7 49. Kd5 Kf6
50. Kc4 h4 51. Kd5 Rc2 52. Rb1 Rxg2 53. Rxb4 Rd2+ 54. Kc5 h3 55. Rb6+ Kg7
56. Kc4 h2 57. Rb1 Kg6 58. Rh1 Kh5 59. Kc3 Ra2 60. Kc4 Kh4 61. Kd5 Ra5+ 62.
Ke6 Kg3 63. Kf5 Kxf3 64. Rxh2 g4 65. Rb2 g3 66. Rb3+ Kf2 67. Rb2+ Kg1 68.
Kg4 g2 69. Rb3 Ra8 70. Kf5 Re8 71. Kg4 Rf8 72. Kg3 Rg8+ 73. Kh3 Kh1 0-1

[Event "38th Olympiad"]
[Site "Dresden GER"]
[Date "2008.11.17"]
[Round "5"]
[White "Kawuma,S"]
[Black "Savva,P"]
[Result "0-1"]
[WhiteElo "2156"]
[BlackElo "2093"]
[EventDate "2008.11.13"]

1. e4 c5 2. Nf3 e6 3. d4 cxd4 4. Nxd4 Nc6 5. Be3 Nf6 6. Nc3 Bb4 7. Bd3 d5
8. Nxc6 bxc6 9. e5 d4 10. Bd2 dxc3 11. bxc3 Ba5 12. exf6 Qxf6 13. O-O Bxc3
14. Bxc3 Qxc3 15. Qh5 h6 16. Rae1 O-O 17. Re3 Qf6 18. h4 e5 19. Rfe1 Qf4
20. Qxe5 Qxe5 21. Rxe5 Be6 22. Ra5 Rfd8 23. Rb1 g6 24. f3 h5 25. Kf2 Rd5
26. Rxd5 Bxd5 27. c4 Be6 28. Ke3 Re8 29. Kd4 Rd8+ 30. Kc3 Rxd3+ 0-1

[Event "38th Olympiad"]
[Site "Dresden GER"]
[Date "2008.11.17"]
[Round "5"]
[White "Kawuma,M"]
[Black "Antoniou,A"]
[Result "1-0"]
[WhiteElo "2204"]
[BlackElo "2177"]
[EventDate "2008.11.13"]

1. Nf3 Nf6 2. d4 e6 3. c4 b6 4. g3 Bb7 5. Bg2 Be7 6. Nc3 O-O 7. O-O Ne4 8.
Nxe4 Bxe4 9. Ne1 Bxg2 10. Nxg2 d5 11. Qa4 dxc4 12. Qxc4 Nd7 13. Qc6 Nf6 14.
Be3 Qd6 15. Rac1 Rac8 16. Rfd1 Rfd8 17. Bg5 Nd5 18. Bxe7 Qxc6 19. Rxc6 Nxe7
20. Rcc1 Kf8 21. e4 Ke8 22. Ne3 c5 23. dxc5 Rxd1+ 24. Nxd1 Kd7 25. b4 bxc5
26. bxc5 Kc6 27. Nb2 Rd8 28. Rc2 Rd4 29. f3 Kb5 30. Kf2 Nc6 31. Ke3 e5 32.
a3 f6 33. Nd3 Na5 34. Nb2 Rd8 35. f4 exf4+ 36. gxf4 Rc8 37. e5 fxe5 38.
fxe5 Rc6 39. Nd3 Nb3 40. a4+ Kxa4 41. Ra2+ Kb5 42. Rxa7 Nxc5 43. Rxg7 Nxd3
44. Kxd3 Rh6 45. Rg2 Kc6 46. Ke4 Kd7 47. Ra2 Rh4+ 48. Kf5 Rh5+ 49. Kf6 Rh6+
50. Kf7 Rh3 51. Rd2+ 1-0

[Event "38th Olympiad"]
[Site "Dresden GER"]
[Date "2008.11.17"]
[Round "5"]
[White "Jere,D"]
[Black "Corbin,Ph"]
[Result "1-0"]
[WhiteElo "2240"]
[BlackElo "2176"]
[EventDate "2008.11.13"]

1. c4 e5 2. g3 Nc6 3. Bg2 Bc5 4. Nc3 Nge7 5. a3 a5 6. e3 Ra6 7. Nge2 Nf5 8.
O-O h5 9. h3 g5 10. d4 exd4 11. Ne4 Qe7 12. exd4 Ncxd4 13. Nxd4 Bxd4 14. g4
hxg4 15. hxg4 Qe5 16. Re1 Ne7 17. Bxg5 Qh2+ 18. Kf1 Bxb2 19. Bxe7 Kxe7 20.
Rb1 Be5 21. Qd5 Rg6 22. Nd2 d6 23. Nf3 Qf4 24. Nxe5 dxe5 25. Qc5+ Kf6 26.
Re4 Qg5 27. f4 Qxf4+ 28. Rxf4+ exf4 1-0

[Event "38th Olympiad"]
[Site "Dresden GER"]
[Date "2008.11.17"]
[Round "5"]
[White "Russell,MKA"]
[Black "Surbir,L"]
[Result "1-0"]
[WhiteElo "2230"]
[BlackElo "2084"]
[EventDate "2008.11.13"]

1. d4 d5 2. c4 c6 3. Nf3 Nf6 4. Nc3 e6 5. Bg5 dxc4 6. e4 b5 7. e5 h6 8. Bh4
g5 9. Nxg5 hxg5 10. Bxg5 Nbd7 11. g3 Bb7 12. Bg2 Qb6 13. exf6 O-O-O 14. O-O
Bh6 15. h4 Bxg5 16. hxg5 c5 17. d5 Ne5 18. Qe2 Nd3 19. dxe6 b4 20. e7 Rdg8
21. Ne4 Qe6 22. Qe3 Qg4 23. Nd6+ Kb8 24. Nxb7 Qh5 25. Rfd1 1-0

[Event "38th Olympiad"]
[Site "Dresden GER"]
[Date "2008.11.17"]
[Round "5"]
[White "Balram,N"]
[Black "Peiris,T"]
[Result "0-1"]
[WhiteElo "1909"]
[BlackElo "2100"]
[EventDate "2008.11.13"]

1. e4 e5 2. Nf3 Nc6 3. Bc4 Bc5 4. O-O d6 5. d3 Nf6 6. Nc3 Bg4 7. h3 Be6 8.
Bb3 Qd7 9. Kh2 h6 10. Na4 Bb6 11. Nxb6 axb6 12. Be3 d5 13. exd5 Nxd5 14.
Qd2 f5 15. Qe2 Qd6 16. Kg1 O-O-O 17. Bd2 Rde8 18. Rfd1 g5 19. Nh2 Nd4 20.
Qf1 Nf4 21. Bxe6+ Rxe6 22. c3 Nc6 23. Be3 Rd8 24. d4 exd4 25. cxd4 Nd5 26.
Qd3 f4 27. Bd2 Ndb4 28. Bxb4 Nxb4 29. Qc4 Re4 30. Nf3 Kb8 31. Rd2 Nd5 32.
a4 Qb4 33. Qc2 Nf6 34. Rd3 Rd5 35. Rda3 h5 36. Qc3 Qxc3 37. bxc3 g4 38.
hxg4 hxg4 39. Ne5 c5 40. a5 b5 41. a6 cxd4 42. cxd4 Rexd4 43. Ng6 b4 44.
a7+ Ka8 45. Rb3 Rd1+ 46. Rxd1 Rxd1+ 47. Kh2 Rd4 48. Nf8 Kxa7 49. Ne6 Rc4
50. Rd3 Ne4 51. f3 g3+ 52. Kh3 Nf2+ 0-1

[Event "38th Olympiad"]
[Site "Dresden GER"]
[Date "2008.11.17"]
[Round "5"]
[White "Wijesuriya,GL"]
[Black "Sujendra,P"]
[Result "0-1"]
[WhiteElo "2075"]
[BlackElo "2068"]
[EventDate "2008.11.13"]

1. d4 c5 2. dxc5 e6 3. Be3 Nf6 4. c3 a5 5. Nd2 Na6 6. Nc4 Nxc5 7. Nd6+ Bxd6
8. Qxd6 Nce4 9. Qd4 d5 10. f3 Nd6 11. Bg5 Bd7 12. e4 Bc6 13. O-O-O h6 14.
Bf4 Nc8 15. Qe5 Ne7 16. exd5 Bxd5 17. Bb5+ Kf8 18. Qd4 Nf5 19. Qf2 Qc8 20.
Kb1 Bc6 21. Qc5+ Kg8 22. Bxc6 Qxc6 23. Qxc6 bxc6 24. g4 Nh4 25. Bg3 Ng6 26.
Ne2 Kh7 27. h4 Rhd8 28. c4 h5 29. g5 Ng8 30. Rxd8 Rxd8 31. Kc2 N8e7 32. Bc7
Ra8 33. Ng3 Nf5 34. Nxf5 exf5 35. f4 a4 36. Re1 c5 37. Bd6 Rd8 38. Bxc5 Rc8
39. Bd6 Rxc4+ 40. Kd3 Rc6 41. Be5 f6 42. gxf6 gxf6 43. Bc3 Nxf4+ 44. Kd4
Kg6 45. Re8 Kf7 46. Ra8 Re6 47. Kc5 Re4 48. Kb5 Nd5 49. Kc5 Nxc3 50. bxc3
f4 51. Rd8 f3 52. Rd2 Re2 53. Rd3 f2 54. Rf3 Rxa2 55. Kb4 Ke6 56. c4 Ke5
57. c5 f5 58. c6 Ke4 59. c7 Rc2 60. Rxf2 Rxc7 61. Rg2 f4 62. Rg5 f3 0-1

[Event "38th Olympiad"]
[Site "Dresden GER"]
[Date "2008.11.17"]
[Round "5"]
[White "Manish,H"]
[Black "Annurudha,G"]
[Result "1-0"]
[WhiteElo "2028"]
[BlackElo "2212"]
[EventDate "2008.11.13"]

1. e4 e6 2. d4 d5 3. Nc3 Nf6 4. Bg5 Be7 5. e5 Nfd7 6. h4 h6 7. Qh5 g6 8.
Bxe7 Qxe7 9. Qg4 h5 10. Qe2 a6 11. f4 c5 12. Nf3 Nc6 13. O-O-O b5 14. Qe3
c4 15. Ng5 Nb6 16. g4 b4 17. Nb1 hxg4 18. Be2 Bd7 19. Bxg4 O-O-O 20. h5 Na7
21. a3 a5 22. axb4 axb4 23. c3 Kb7 24. Rh3 Nb5 25. hxg6 fxg6 26. Rdh1 Rxh3
27. Rxh3 bxc3 28. bxc3 Nc7 29. Rh7 Qe8 30. Nf7 Qg8 31. Nxd8+ Qxd8 32. Qh3
Qf8 33. Qh6 Qa8 34. Qxg6 Qa2 35. Qc2 Qa5 36. Qb2 Nb5 37. Bxe6 Kc6 38. Bxd7+
Nxd7 39. e6 Nf6 40. e7 Ne8 41. Rh6+ Kc7 42. f5 Nxd4 43. Qh2+ Kd7 44. Qe5
Nb3+ 45. Kd1 Qc5 46. Rh1 Qc6 47. Re1 Nc5 48. Nd2 Nd3 49. Qe6+ Qxe6 50. Rxe6
Nf4 51. Re3 Nf6 52. Nf3 Ne4 53. Ng5 Ng2 54. Rxe4 dxe4 55. f6 Ne3+ 56. Ke2
Nd5 57. Nxe4 Nc7 58. Ke3 Nb5 59. Kf4 Ke8 60. Ke5 Kd7 61. Kd5 1-0